Diccionario Piro: tokanchi gikshijikowaka-steno
Đã lưu trong:
| Tác giả chính: | |
|---|---|
| Định dạng: | Sách |
| Ngôn ngữ: | Tiếng Choctaw Tiếng Tây Ban Nha |
| Được phát hành: |
Pucallpa
Instituto Lingüístico de Verano
1986
|
| Loạt: | Serie Lingüística Peruana, 22
|
| Những chủ đề: | |
| Các nhãn: |
Thêm thẻ
Không có thẻ, Là người đầu tiên thẻ bản ghi này!
|
MARC
| LEADER | 00000nam a2200000 a 4500 | ||
|---|---|---|---|
| 001 | UCN5797 | ||
| 003 | CL-VaPUC | ||
| 008 | 010913e19860000pe |||||||||||||||||cho|d | ||
| 041 | 0 | 7 | |a cho |2 CL-VaPUC |
| 041 | 0 | 7 | |a spa |2 CL-VaPUC |
| 082 | 0 | 4 | |a 498.323 |b NIE |2 21 |
| 100 | |a Nies Gould, Joyce |e autora |9 461471 | ||
| 245 | 1 | 0 | |a Diccionario Piro: tokanchi gikshijikowaka-steno |
| 300 | |a 592 p | ||
| 942 | |c BK | ||
| 945 | |d 20010913 00:00:00 |a rbrito | ||
| 260 | |a Pucallpa |b Instituto Lingüístico de Verano |c 1986 | ||
| 650 | 7 | |a LENGUA CHONTAQUIRO |2 CL-VaPUC |9 461472 | |
| 650 | 0 | |a Español |9 255372 | |
| 650 | 0 | |a Etnolingüística |9 341076 | |
| 650 | 0 | |a Gramática |9 270497 | |
| 650 | 0 | |a Diccionarios |9 256200 | |
| 651 | 0 | |a Perú |9 256567 | |
| 583 | |a last modification |c 20171218 11:57:01 |k Rodrigo Vera | ||
| 490 | 0 | |a Serie Lingüística Peruana, 22 | |
| 999 | |c 296950 |d 296948 | ||
| 952 | |0 0 |1 0 |4 0 |6 498_323000000000000_NIE_1986 |7 0 |8 A |9 351256 |a FDOPOS |b FDOPOS |d 2019-11-21 |i 3687104 |o 498.323 NIE 1986 |p 3687104 |r 2025-01-22 |w 2019-11-21 |y BK |k MLA | ||
| 952 | |0 0 |1 0 |4 0 |6 498_323000000000000_NIE_1986 |7 0 |8 A |9 351257 |a FDOPOS |b FDOPOS |d 2019-11-21 |i 370758K |o 498.323 NIE 1986 |p 370758K |r 2025-01-22 |w 2019-11-21 |y BK |k MLA | ||